Trophées gagnés par Carlo Ancelotti en tant qu'entraîneur - Statistiques

Statistiques générales
  • Ce quiz a été pris 927 fois
  • Le résultat moyen est 11 sur 20
Statistiques - réponses
Club Année Trophée % Correct
Real Madrid 2024 Ligue des Champions
99%
Real Madrid 2024 LaLiga
95%
AC Milan 2004 Serie A
82%
Real Madrid 2023 Coupe du Roi
81%
Paris Saint-Germain 2013 Ligue 1
81%
Bayern Münich 2017 Bundesliga
69%
Chelsea 2010 Premier League
64%
AC Milan 2003 Coupe d'Italie
57%
Real Madrid 2022 Coupe du monde des clubs de la FIFA
52%
Real Madrid
51%
Real Madrid 2024 Supercoupe d'Espagne
49%
AC Milan
48%
Chelsea 2010 FA Cup
48%
Paris Saint-Germain
45%
Real Madrid 2022 Supercoupe de l'UEFA
45%
Bayern Munich
41%
Chelsea
39%
AC Milan 2004 Supercoupe d'Italie
36%
Chelsea 2009 Community Shield
32%
Bayern Münich 2017 Supercoupe d'Allemagne
32%
Aucun quiz correspondant
Distribution des résultats
% des personnes avec chaque résultat
Percentile par nombre de réponses
Votre historique - résultats
Vous n’avez pas pris ce quiz